| 000 | 00600nam a2200241Ia 4500 | ||
|---|---|---|---|
| 003 | OSt | ||
| 005 | 20221005114125.0 | ||
| 006 | a|||||r|||| 00| 0 | ||
| 007 | ta | ||
| 008 | 221004b |||||||| |||| 00| 0 tam d | ||
| 024 | _a52011 | ||
| 037 | _cTextual | ||
| 040 |
_aCRL _cCRL _btam |
||
| 041 |
_2tam _atam |
||
| 082 | _aQ25:4146, 31M3 | ||
| 100 |
_aValamburi John _9625492 |
||
| 245 | 0 | _aAndha iraril ckandana minnd | |
| 260 | _c1983 | ||
| 300 |
_a70p. _ccm. |
||
| 650 | _aRELIGION | ||
| 942 |
_hQ25:4146, 31M3 _cTEXL _2cc |
||
| 999 |
_c1030310 _d1030310 |
||